| 000 | 00784nam a22002417a 4500 | ||
|---|---|---|---|
| 005 | 20170124110117.0 | ||
| 010 | _aB-190963 | ||
| 020 |
_c295.00 _a8170999507 |
||
| 035 | _aB-190963 | ||
| 037 | _bCen Lib/Ret | ||
| 040 |
_aDPL _bEN |
||
| 082 |
_a363.729 _bHEM |
||
| 100 |
_aHema, B. _930207 |
||
| 245 |
_aEnvironmental perception of slum dwellers / _cby B.Hema [and] Shagufta Jamal |
||
| 260 |
_aNew Delhi _bMittal Publications _c2004 |
||
| 270 |
_bNew Delhi _aA-110, Mohan Garden _e110059 |
||
| 300 |
_axii,118p. : _c21cm(Hb) _bill. |
||
| 500 | _aIncludes bibliographical references and index | ||
| 650 |
_aEcology -- Public opinion _930208 |
||
| 650 |
_aGeographical perception _930209 |
||
| 700 |
_aShagufta Jamal _930210 |
||
| 942 |
_2ddc _cEN _h363.729 _mHEM |
||
| 999 |
_c130830 _d130830 |
||